000 00334nam a2200145 a 4500
008 160203s2006|||| d
245 1 0 _aZmaturuj z biológie
250 _a1. vydanie
300 _a224 s.
020 _a80-86285-87-1
_c0
041 _aslo
044 _axo
_cSK
260 _bDIDAKTIS
_aBratislava
_c2006
958 _aA
999 _c21025
_d21025